[Event "Toronto op"]
[Site "Toronto"]
[Date "1998.05.14"]
[Round "1"]
[White "Novikov, Igor A"]
[Black "Gardner, Robert"]
[Result "1-0"]
[WhiteElo "2550"]
[BlackElo "2180"]

1.d4 Nf6 2.c4 c5 3.d5 b5 4.cxb5 a6 5.e3 axb5 6.Bxb5 Qa5+ 7.Nc3 Bb7 8.Ne2 Bxd5
9.O-O Bc6 10.a4 g6 11.e4 Nxe4 12.Bxc6 Nxc3 13.Bxd7+ Nxd7 14.Nxc3 Bg7 15.Re1 Ne5
16.Bg5 O-O 17.Bxe7 Rfe8 18.Nd5 c4 19.Nf6+ Bxf6 20.Bxf6 Nd3 21.Rxe8+ Rxe8
22.Bc3 Qc5 23.Qf3 f5 24.a5 Ne5 25.Qb7 Re7 26.Qb8+ Kf7 27.Bb4  1-0

[Event "MK Cafe Cup-A"]
[Site "Koszalin"]
[Date "1998.08.04"]
[Round "2"]
[White "Novikov, Igor A"]
[Black "Radziewicz, Iweta"]
[Result "1-0"]
[WhiteElo "2545"]
[BlackElo "2425"]

1.d4 e6 2.c4 c5 3.d5 exd5 4.cxd5 d6 5.e4 g6 6.Bd3 Bg7 7.Nc3 a6 8.a4 Nd7 9.Nf3 Ne7
10.O-O O-O 11.Bf4 Nf6 12.h3 Ne8 13.Re1 Kh8 14.Bf1 b6 15.Qd2 f6 16.Rab1 g5
17.Bh2 Ng6 18.b4 h5 19.Bg3 Ra7 20.bxc5 bxc5 21.Rb8 Qc7 22.Rb3 Rb7 23.Rxb7 Qxb7
24.Rb1 Qc7 25.Nd1 g4 26.hxg4 hxg4 27.Nh2 Kh7 28.a5 Bh6 29.Qa2 Ne5 30.Rb6 Qa7
31.Be2 Rg8 32.Qb2 Rg7 33.Bxe5 fxe5 34.Bxg4 Qc7 35.Qe2 c4 36.Rc6 Bxg4 37.Nxg4 Qxa5
38.Nxh6 Kxh6 39.Ne3 Qa1+ 40.Qf1 Qxf1+ 41.Kxf1 Kg5 42.Nxc4 Rb7 43.Rxa6 Kf4
44.Nd2 Rb2 45.g3+ Kg4 46.Ke2 Kh3 47.Ke3 Rc2 48.Kd3 Rc1 49.Rc6 Rd1 50.Ke2 Ra1
51.Nc4 Kg2 52.Ne3+ Kg1 53.Kf3 Kh2 54.Rc8 Nf6 55.Ng4+ Nxg4 56.Kxg4  1-0

[Event "Cappelle op"]
[Site "Cappelle la Grande"]
[Date "1998.??.??"]
[Round "2"]
[White "Novikov, Igor A"]
[Black "Tzermiadianos, Andreas"]
[Result "1-0"]
[WhiteElo "2550"]
[BlackElo "2445"]

1.d4 Nf6 2.c4 c5 3.d5 b5 4.cxb5 a6 5.e3 axb5 6.Bxb5 Qa5+ 7.Nc3 Bb7 8.Ne2 Bxd5
9.O-O Bc6 10.a4 e6 11.e4 Bxe4 12.Nxe4 Nxe4 13.Bf4 Nf6 14.Nc3 Be7 15.Bd6 Qb6
16.Qf3 Ra5 17.Bxe7 Kxe7 18.Qg3 d5 19.Rfe1 Qd6 20.Qxg7 Rg8 21.Qh6 Nc6 22.Ne2 Rg6
23.Qd2 Ne4 24.Qf4 Nb4 25.Qh4+ Nf6 26.Ng3 Kf8 27.Rad1 Kg8 28.b3 Ra8 29.Ne4 Nxe4
30.Rxe4 Qf8 31.Re3 Qg7 32.Rg3 Qb2 33.Qe7 Rxg3 34.fxg3 Rf8 35.Qxc5 Nc2 36.Bd3  1-0

[Event "Cappelle op"]
[Site "Cappelle la Grande"]
[Date "1998.??.??"]
[Round "3"]
[White "Safin, Shukhrat"]
[Black "Novikov, Igor A"]
[Result "1/2-1/2"]
[WhiteElo "2510"]
[BlackElo "2550"]

1.e4 c5 2.Nf3 d6 3.c3 Nf6 4.Be2 Bd7 5.d3 g6 6.O-O Bg7 7.e5 dxe5 8.Nxe5 Nc6
9.d4 cxd4 10.cxd4 O-O 11.Nc3 Rc8 12.Bf3 Be6 13.Nxc6 bxc6 14.Re1  1/2-1/2

[Event "Cappelle op"]
[Site "Cappelle la Grande"]
[Date "1998.??.??"]
[Round "4"]
[White "Novikov, Igor A"]
[Black "Papaioannou, Ioannis"]
[Result "1/2-1/2"]
[WhiteElo "2550"]
[BlackElo "2490"]

1.d4 Nf6 2.c4 e6 3.Nf3 c5 4.d5 exd5 5.cxd5 d6 6.e4 g6 7.h3 Bg7 8.Bd3 O-O
9.O-O b5 10.Re1 Re8 11.e5 dxe5 12.Bxb5 Nbd7 13.Nc3 Rb8 14.Bg5 h6 15.Bh4 e4
16.Nd2 a6 17.Bc6 Rxb2 18.Bxf6 Bxf6 19.Ncxe4 Bd4 20.Nf3 Bg7 21.Qd3 Ne5 22.Nxe5 Rxe5
23.Nxc5 Qb6 24.Qc4 Bf5 25.Rxe5 Bxe5 26.Rc1 Bd6 27.g4 Bb1 28.a3 a5 29.Qc3 Rc2  1/2-1/2

[Event "Cappelle op"]
[Site "Cappelle la Grande"]
[Date "1998.??.??"]
[Round "7"]
[White "Renet, Olivier"]
[Black "Novikov, Igor A"]
[Result "1/2-1/2"]
[WhiteElo "2490"]
[BlackElo "2550"]

1.e4 c5 2.Nf3 d6 3.d4 cxd4 4.Nxd4 Nf6 5.Nc3 a6 6.Be2 e6 7.O-O Be7 8.f4 Qc7
9.Be3 Nbd7 10.a4 b6 11.f5 e5 12.Ne6 fxe6 13.fxe6 Nc5 14.Nd5 Nxd5 15.exd5 Nxe6
16.dxe6 Bxe6 17.c4 Rf8 18.Rxf8+ Bxf8 19.b3 Rb8 20.Bf3 g6 21.Qd2 Kf7 22.Rf1 Kg8
23.Bd5 Bxd5 24.Qxd5+ Kg7 25.c5 bxc5 26.Bg5 h5 27.Bf6+ Kh7 28.Bxe5 dxe5 29.Rf7+ Qxf7
30.Qxf7+ Bg7 31.Qc4 e4 32.Qxe4 Rxb3 33.Qc4 Bd4+ 34.Kf1 Rb6 35.Qf7+ Bg7 36.Qc4 Bd4
37.Ke2 Kg7 38.Kd3 Rf6 39.Qd5 Kh6 40.Qb7 g5 41.Qa8 Kg6 42.Qe8+ Kh6 43.Kc4 Bg1
44.Kd5 Bd4 45.Qc8 Kg6 46.g3 g4 47.h4 gxh3 48.Qxh3 Kg5 49.Qh4+ Kg6 50.Kc4 Bf2
51.Qe4+ Kh6 52.Qe7 Bd4 53.Qe4  1/2-1/2

[Event "New York op"]
[Site "New York"]
[Date "1998.??.??"]
[Round "9"]
[White "Novikov, Igor A"]
[Black "Stripunsky, Alexander"]
[Result "1/2-1/2"]
[WhiteElo "2550"]
[BlackElo "2475"]

1.d4 d5 2.c4 c6 3.Nf3 Nf6 4.Nc3 e6 5.Bg5 h6 6.Bxf6 Qxf6 7.e3 Bd6 8.Bd3 Qe7
9.O-O Nd7 10.Qc2 O-O  1/2-1/2

[Event "Aurec"]
[Site "Aurec"]
[Date "1999.02.20"]
[Round "?"]
[White "Novikov, Igor A"]
[Black "Mitkov, Nikola"]
[Result "1/2-1/2"]
[WhiteElo "2601"]
[BlackElo "2483"]

1.d4 Nf6 2.c4 e6 3.Nf3 d5 4.Nc3 Bb4 5.cxd5 exd5 6.Bg5 h6 7.Bxf6 Qxf6 8.Rc1 Qd6
9.e3 O-O 10.Be2 c6 11.O-O Nd7 12.Qc2 Qe7 13.a3 Bd6 14.e4 dxe4 15.Nxe4 Bf4
16.Rce1 Nf6 17.Bd3  1/2-1/2

[Event "Aurec"]
[Site "Aurec"]
[Date "1999.02.20"]
[Round "?"]
[White "Novikov, Igor A"]
[Black "Okhotnik, Vladimir"]
[Result "1/2-1/2"]
[WhiteElo "2601"]
[BlackElo "2438"]

1.d4 d6 2.e4 e5 3.Nf3 Nd7 4.Bc4 exd4 5.Nxd4 Nb6 6.Be2 Nf6 7.Nc3 Be7 8.O-O O-O
9.a4 a5 10.Bf4 Re8 11.Re1 Bf8 12.Bf1 g6 13.h3 Bg7 14.Qd2 c6 15.Nf3 d5 16.exd5 Rxe1
17.Rxe1 Nbxd5 18.Nxd5 Qxd5 19.Qxd5 cxd5 20.Bb5 Be6 21.Nd4 Ne4 22.Nxe6 fxe6
23.c3 e5 24.Bh2 Kf7 25.f3 Nd6 26.Bxe5 Nxb5 27.Bxg7 Kxg7 28.axb5 Kf6 29.Kf2 a4
30.Ra1 Ra5 31.b4 axb3 32.Rb1 Rxb5 33.Ke3 Ke5 34.f4+ Kd6 35.Kd4 b2 36.g4 h5
37.Kd3 h4 38.Kc2 Kc5 39.f5 gxf5 40.gxf5 Kd6 41.f6 Ke6 42.f7 Kxf7 43.Rf1+ Ke6
44.Kb1 Rb3 45.Rf4 Rxc3 46.Rxh4 Rb3 47.Rh8 d4 48.Rd8 Ke5 49.h4 Ke4 50.h5 Rh3
51.Rh8 Rh2 52.h6 Kd3 53.Ka2 b5 54.Rh7 Kc3 55.Rc7+ Kd2 56.h7 Kd1 57.Kb1 d3
58.Rd7 d2 59.Kxb2 b4 60.Re7 Rh3 61.Rd7 b3 62.Re7 Rh2 63.Kxb3 Kc1 64.Rc7+ Kb1
65.Rd7 Rh3+ 66.Ka4 Kc2 67.Rc7+ Kb2 68.Rb7+ Kc3 69.Rc7+ Kd3 70.Rd7+ Ke2 71.Re7+ Kd1
72.Rd7 Rh5 73.Re7 Kc2 74.Rc7+ Kd3 75.Rd7+ Kc3 76.Rc7+ Kd3 77.Rd7+ Ke3 78.Re7+  1/2-1/2

[Event "Aurec"]
[Site "Aurec"]
[Date "1999.02.20"]
[Round "?"]
[White "Novikov, Igor A"]
[Black "Aleksieva, Silvia"]
[Result "1-0"]
[WhiteElo "2601"]
[BlackElo "2318"]

1.d4 Nf6 2.c4 c5 3.d5 b5 4.cxb5 a6 5.e3 axb5 6.Bxb5 Bb7 7.Nc3 e6 8.e4 Qb6
9.a4 Be7 10.Nf3 O-O 11.O-O Ba6 12.Bg5 h6 13.Bh4 Bxb5 14.axb5 Rxa1 15.Qxa1 Bd8
16.Nd2 exd5 17.exd5 Qb7 18.Bg3 Nxd5 19.Nxd5 Qxd5 20.Nf3 Bf6 21.Qa7 d6 22.Qc7 Rd8
23.h4 Qd3 24.b6 Qd5 25.Ra1 Qc6 26.Ra7 Kh7 27.Rb7 Rc8 28.Qxc6 Nxc6 29.Rc7 Rxc7
30.bxc7 Na7 31.Bxd6 Bxb2 32.Bxc5 Nc8 33.Nd4 Bc3 34.Nc6 Bf6 35.Na7 Be5 36.Nxc8 Bxc7
37.Nd6 Kg8 38.Kf1 h5 39.Ke2 Ba5 40.g3 Bc3 41.Kd3 Bf6 42.Ke4 g6 43.Kd5 Be7
44.Ne4 Bd8 45.Bd4 Kf8 46.Bf6 Ba5 47.f3 Be1 48.g4 hxg4 49.fxg4 Kg8 50.Kd4 Kf8
51.Ke3 Ba5 52.Kf4 Bb6 53.Be5 Bd8 54.Nf6 Ba5 55.h5 Bd2+ 56.Kg3 gxh5 57.gxh5 Bh6
58.Kg4 Bc1 59.Bf4 Bb2 60.Kf5 Kg7 61.Ng4 Kh7 62.Be5 Bc1 63.Kf6 Bd2 64.Kxf7 Bc1
65.Bg7 Bd2 66.Nf6+  1-0

[Event "CCA ChessWise op"]
[Site "Stratton Mountain"]
[Date "1999.06.11"]
[Round "1"]
[White "Rajlich, Vasik G"]
[Black "Novikov, Igor A"]
[Result "0-1"]
[WhiteElo "2270"]
[BlackElo "2601"]

1.e4 c5 2.Nf3 d6 3.d4 cxd4 4.Nxd4 Nf6 5.Nc3 a6 6.Bg5 e6 7.f4 Qb6 8.Qd2 Qxb2
9.Rb1 Qa3 10.f5 Nc6 11.fxe6 fxe6 12.Nxc6 bxc6 13.e5 dxe5 14.Bxf6 gxf6 15.Ne4 Be7
16.Be2 h5 17.O-O f5 18.Bf3 Ra7 19.Rb8 Rc7 20.Kh1 fxe4 21.Bxe4 Qd6 22.Qe2 Qc5
23.Qxa6 Kd8 24.Rd1+ Bd6 25.Qd3 Rd7 26.Ra8 Rf8 27.Qa6 Bb8 28.Rxd7+ Kxd7 29.Qd3+ Kc7
30.h3 Ba7 31.Rxa7+ Qxa7 32.Qc3 Rf1+ 33.Kh2 Qg1+ 34.Kg3 Qf2+ 35.Kh2  0-1

[Event "CCA ChessWise op"]
[Site "Stratton Mountain"]
[Date "1999.06.15"]
[Round "7"]
[White "Novikov, Igor A"]
[Black "Blatny, Pavel"]
[Result "1/2-1/2"]
[WhiteElo "2601"]
[BlackElo "2468"]

1.d4 d5 2.c4 e6 3.Nf3 Nf6 4.Nc3 Bb4 5.Bg5 Nbd7 6.Qa4 Bxc3+ 7.bxc3 h6 8.Bf4 Ne4
9.Nd2 Qf6 10.Nxe4 Qxf4 11.Nd2 O-O 12.g3 Qf6 13.Bg2 c5 14.e3 Nb6 15.Qb3 cxd4
16.cxd4 dxc4 17.Nxc4 Nxc4 18.Qxc4 e5 19.dxe5 Qxe5 20.O-O  1/2-1/2

[Event "Fredericksburg op"]
[Site "Fredericksburg"]
[Date "1999.06.20"]
[Round "3"]
[White "Novikov, Igor A"]
[Black "Barash, Danny"]
[Result "1-0"]
[WhiteElo "2601"]
[BlackElo "2254"]

1.d4 Nf6 2.c4 g6 3.Nc3 Bg7 4.e4 d6 5.f3 O-O 6.Nge2 e5 7.Bg5 h6 8.Be3 c6 9.Qd2 Be6
10.d5 cxd5 11.exd5 Bd7 12.Bxh6 Bxh6 13.Qxh6 Na6 14.h4 Nh7 15.h5 Qg5 16.hxg6 Qxg6
17.Qxg6+ fxg6 18.Ne4 Nb4 19.Kd2 b5 20.N2c3 bxc4 21.Bxc4 a5 22.Rh6  1-0

[Event "Fredericksburg op"]
[Site "Fredericksburg"]
[Date "1999.06.20"]
[Round "4"]
[White "Ziatdinov, Raset"]
[Black "Novikov, Igor A"]
[Result "1/2-1/2"]
[WhiteElo "2511"]
[BlackElo "2601"]

1.e4 c5 2.Nf3 d6 3.d4 cxd4 4.Nxd4 Nf6 5.Nc3 a6 6.Bg5 e6 7.f4 Qb6 8.Nb3 Be7
9.Qf3 Nbd7 10.O-O-O Qc7 11.Bd3 b5 12.Kb1 Bb7 13.Rhe1 h6 14.Bxf6 Nxf6 15.a3 O-O-O
16.Qf2 Nd7 17.a4 bxa4 18.Nxa4 Kb8 19.Bf1 Nc5 20.Naxc5 dxc5 21.Rxd8+ Rxd8
22.Bc4 Ka7 23.g3 Rd7 24.Kc1 Qc6  1/2-1/2

[Event "World op Warm Up"]
[Site "Philadelphia"]
[Date "1999.06.27"]
[Round "3"]
[White "Novikov, Igor A"]
[Black "Miton, Kamil"]
[Result "1/2-1/2"]
[WhiteElo "2601"]
[BlackElo "2383"]

1.d4 Nf6 2.c4 c5 3.d5 b5 4.cxb5 a6 5.e3 axb5 6.Bxb5 Qa5+ 7.Nc3 Bb7 8.Ne2 Nxd5
9.O-O Nxc3 10.Nxc3 e6 11.e4 Be7 12.Bf4 O-O 13.a4 Qd8 14.Bd6 Nc6 15.Ne2  1/2-1/2

[Event "World op Major"]
[Site "Philadelphia"]
[Date "1999.06.28"]
[Round "2"]
[White "Novikov, Igor A"]
[Black "Bisguier, Arthur Bernard"]
[Result "1-0"]
[WhiteElo "2601"]
[BlackElo "2365"]

1.d4 d5 2.c4 e6 3.Nf3 Nf6 4.Nc3 c6 5.Bg5 h6 6.Bxf6 Qxf6 7.Qb3 Nd7 8.e4 dxe4
9.Nxe4 Qf4 10.Bd3 Be7 11.O-O O-O 12.Rfe1 b6 13.Rad1 Bb7 14.Bb1 Rfe8 15.c5 Qc7
16.Qc2 f5 17.Ng3 Nf8 18.b4 a5 19.a3 axb4 20.axb4 bxc5 21.bxc5 Qa5 22.Nxf5 Ba6
23.Rxe6 Nxe6 24.Nxh6+ Kf8 25.Qg6 Nd8 26.Ne5 Ra7 27.Qf7+ Nxf7 28.Ng6+  1-0

[Event "Korinthos op 3rd"]
[Site "Korinthos"]
[Date "1999.07.11"]
[Round "8"]
[White "Novikov, Igor A"]
[Black "Solak, Dragan"]
[Result "1-0"]
[WhiteElo "2614"]
[BlackElo "2457"]

1.d4 Nf6 2.c4 g6 3.Nc3 Bg7 4.e4 d6 5.f3 O-O 6.Bg5 c5 7.d5 e6 8.Qd2 exd5 9.cxd5 Re8
10.Nge2 Nbd7 11.Ng3 a6 12.a4 Qa5 13.Be2 b5 14.O-O b4 15.Nd1 Qc7 16.a5 Nf8
17.Bh6 Qe7 18.Bxg7 Kxg7 19.Ne3 h5 20.Rfe1 h4 21.Ngf1 Nh5 22.Nc4 Qf6 23.Nfe3 Ra7
24.Bf1 Kg8 25.Ng4 Qd8 26.e5 dxe5 27.Ngxe5 Bd7 28.Nb6 f6 29.Nbxd7 fxe5 30.Nxe5 Qd6
31.Nc4 Rxe1 32.Rxe1 Qf6 33.d6 Nf4 34.Re7 Rd7 35.Ne5 Rxe7 36.dxe7 Qxe5 37.Qd8 Ne6
38.e8=Q Qe3+ 39.Kh1  1-0

[Event "Korinthos op 3rd"]
[Site "Korinthos"]
[Date "1999.07.26"]
[Round "3"]
[White "Nikolaidis, Konstantinos"]
[Black "Novikov, Igor A"]
[Result "0-1"]
[WhiteElo "2383"]
[BlackElo "2614"]

1.d4 d5 2.c4 e6 3.cxd5 exd5 4.Nc3 c6 5.Bf4 Bf5 6.e3 Qb6 7.Qd2 Nf6 8.f3 Nbd7
9.g4 Bg6 10.Nge2 Be7 11.Bg2 Nf8 12.O-O Ne6 13.Bg3 h5 14.h3 hxg4 15.hxg4 c5
16.Be5 Rd8 17.Kf2 cxd4 18.exd4 Nd7 19.Bg3 Ndc5 20.dxc5 Bxc5+ 21.Ke1 Be3 22.Qd1 d4
23.Qa4+ Kf8 24.Nb5 Nc5 25.Qb4 a5 26.Qa3 Qxb5 27.Nf4 Bc2 28.Rh1 Rxh1+ 29.Bxh1 Re8
30.Ne2 Bd2+  0-1

[Event "Korinthos op 3rd"]
[Site "Korinthos"]
[Date "1999.07.28"]
[Round "5"]
[White "Miladinovic, Igor"]
[Black "Novikov, Igor A"]
[Result "0-1"]
[WhiteElo "2526"]
[BlackElo "2614"]

1.d4 d5 2.Nf3 Nf6 3.c4 e6 4.Nc3 c6 5.cxd5 exd5 6.g3 Bd6 7.Bg2 O-O 8.O-O Re8
9.Qc2 Nbd7 10.Re1 Nf8 11.Bg5 Bg4 12.Rad1 h6 13.Bc1 Qd7 14.Nd2 Re7 15.f3 Bf5
16.e4 Rae8 17.Rf1 Bg6 18.Qa4 dxe4 19.Ndxe4 Nxe4 20.Nxe4 Bb8 21.Qb3 Qe6 22.d5 cxd5
23.Rxd5 Rd7 24.Rxd7 Qxb3 25.axb3 Nxd7 26.Rd1 Bxe4 27.fxe4 Nf6 28.b4 Be5 29.b5 Rc8
30.Bf4 Ng4 31.Bh3 Bxf4 32.gxf4 h5 33.Bxg4 hxg4 34.Rd7 b6 35.Rxa7 Rc5 36.Ra4 Rxb5
37.b4 g5 38.fxg5 Kg7 39.Kg2 Kg6 40.h4 gxh3+ 41.Kxh3 Rxg5 42.Ra1 Kf6 43.Rc1 Ke5
44.Rc6 Rg6 45.Rc4 Kf4 46.Rc7 Rf6 47.Re7 Kf3 48.Kh2 Ke3 49.b5 Re6 50.Rxf7 Kxe4
51.Kg3 Re5 52.Kf2 Kd3 53.Rd7+ Kc4 54.Rc7+ Kxb5 55.Rc1 Ka4 56.Ra1+ Kb4 57.Rb1+ Kc5
58.Kf3 b5 59.Kf4 Re8  0-1

[Event "MK Cafe Cup-A"]
[Site "Koszalin"]
[Date "1999.08.04"]
[Round "2"]
[White "Novikov, Igor A"]
[Black "Radziewicz, Iweta"]
[Result "1-0"]
[WhiteElo "2614"]
[BlackElo "2395"]

1.d4 e6 2.c4 c5 3.d5 d6 4.Nc3 g6 5.e4 Bg7 6.Bd3 Ne7 7.h3 O-O 8.Nf3 exd5 9.cxd5 a6
10.a4 f5 11.O-O h6 12.Re1 Nd7 13.Bf4 fxe4 14.Bxd6 Rxf3 15.Bxe7 Qxe7 16.Qxf3 exf3
17.Rxe7 Ne5 18.Re1 Nxd3 19.Re8+ Bf8 20.R1e7 Nf4 21.d6 Ne2+ 22.Kh2 b5  1-0

[Event "MK Cafe Cup-A"]
[Site "Koszalin"]
[Date "1999.08.10"]
[Round "7"]
[White "Filippov, Valerij"]
[Black "Novikov, Igor A"]
[Result "0-1"]
[WhiteElo "2605"]
[BlackElo "2614"]

1.Nf3 d5 2.d4 Nf6 3.c4 e6 4.Nc3 c6 5.Bg5 h6 6.Bh4 dxc4 7.e4 g5 8.Bg3 b5 9.h4 Bb4
10.hxg5 Nxe4 11.Be5 Rf8 12.gxh6 Nxc3 13.bxc3 Bxc3+ 14.Ke2 f6 15.h7 Kd7 16.Rh6 fxe5
17.dxe5+ Kc7 18.Qxd8+ Rxd8 19.Rc1 Bb2 20.Rc2 Ba1 21.h8=Q Rxh8 22.Rxh8 Nd7
23.Rc1 Bb2 24.Rb1 c3 25.Kd1 a5 26.Kc2 a4 27.g4 b4 28.Rxb2 cxb2 29.Kxb2 Ra5
30.g5 Nxe5 31.Nxe5 Rxe5 32.g6 Rg5 33.Bd3 e5 34.a3 c5 35.Rh4 Bg4 36.Rh7+ Kd6
37.Rb7 Bf5 38.Bxf5 Rxf5 39.axb4 Rxf2+ 40.Ka3 cxb4+ 41.Kxa4 Rg2 42.g7 Rg4
43.Kb3 Kc5 44.Rc7+ Kd5 45.Rb7 Kd6 46.Rxb4 Rxg7 47.Kc3 Rd7 48.Rb1 Ke6 49.Re1 Rd4
50.Kc2 Kf5 51.Rf1+ Ke4 52.Re1+ Kf4 53.Rf1+ Kg3 54.Kc3 Rd7 55.Re1 Kf4 56.Rf1+ Kg4
57.Re1 Kf5 58.Rh1 Ke6 59.Re1 Rd8 60.Kc2 Kf5 61.Rf1+ Kg4 62.Re1 Kf4 63.Rf1+ Kg3
64.Re1 Rd5 65.Rg1+ Kf3 66.Rg5 Kf4 67.Rh5 Kg4 68.Rh8 e4 69.Kc3 e3  0-1

[Event "Ikaros op"]
[Site "Ikaros"]
[Date "1999.08.14"]
[Round "1"]
[White "Stefanopoulos, Orestis"]
[Black "Novikov, Igor A"]
[Result "0-1"]
[WhiteElo "2254"]
[BlackElo "2614"]

1.e4 c5 2.Nf3 d6 3.c3 Nf6 4.Be2 Nbd7 5.d3 b6 6.O-O Bb7 7.Nbd2 g6 8.d4 cxd4
9.cxd4 Bg7 10.e5 dxe5 11.dxe5 Nd5 12.e6 fxe6 13.Ne4 Nc7 14.Qc2 O-O 15.Rd1 Bd5
16.h4 Rc8 17.Qb1 Qe8 18.Be3 Nf6 19.Ng3 Ng4 20.Bg5 Qf7 21.Ne4 Ne8 22.h5 gxh5
23.Bh4 Qg6 24.Bd3 Rxf3 25.Nf6+ Rxf6 26.Bxg6 Rxg6 27.Rc1 Rxc1+ 28.Qxc1 Ne5
29.Qc8 Kf7 30.g3 Nf3+ 31.Kf1 Bc4+  0-1

[Event "Ikaros op"]
[Site "Ikaros"]
[Date "1999.08.15"]
[Round "2"]
[White "Novikov, Igor A"]
[Black "Rasmussen, Karsten"]
[Result "1-0"]
[WhiteElo "2614"]
[BlackElo "2420"]

1.d4 d5 2.c4 c6 3.Nf3 Nf6 4.Nc3 e6 5.Bg5 h6 6.Bxf6 Qxf6 7.e3 Nd7 8.Bd3 dxc4
9.Bxc4 g6 10.O-O Bg7 11.Rc1 O-O 12.e4 e5 13.d5 Nb6 14.dxc6 bxc6 15.Be2 Rd8
16.Qc2 Bg4 17.Na4 Rac8 18.Nc5 Bf8 19.Rfd1 Rxd1+ 20.Rxd1 Qe7 21.Rc1 h5 22.h3 Bxf3
23.Bxf3 Rd8 24.Nb3 c5 25.Na5 Qe6 26.b3 Rd4 27.Be2 Qd7 28.Rd1 Kg7 29.h4 Rxd1+
30.Qxd1 Qc7 31.g3 Be7 32.Qd2 Bf6 33.Qd3 Bd8 34.Qa6 Nd7 35.Nc4 Nb8 36.Qa4 Nc6
37.Ne3 Nd4 38.Bc4 Qc6 39.Qxa7 Qxe4 40.Qxf7+ Kh6 41.Qf8+  1-0

[Event "Ikaros op"]
[Site "Ikaros"]
[Date "1999.08.19"]
[Round "6"]
[White "Novikov, Igor A"]
[Black "Managadze, Nikoloz"]
[Result "1-0"]
[WhiteElo "2614"]
[BlackElo "2437"]

1.d4 d5 2.c4 e6 3.Nf3 Be7 4.Nc3 Nf6 5.Bg5 h6 6.Bh4 O-O 7.e3 b6 8.Bd3 Bb7
9.O-O Ne4 10.Bg3 Nxc3 11.bxc3 dxc4 12.Bxc4 c5 13.Qe2 Nd7 14.Rad1 cxd4 15.Nxd4 Kh8
16.Nxe6 fxe6 17.Bxe6 Bc6 18.Qg4 Nf6 19.Rxd8 Nxg4 20.Rxf8+ Rxf8 21.Bxg4 Bf6
22.c4 Ba4 23.c5 Be7 24.Bd6 Bxd6 25.cxd6 Rf6 26.d7 Rd6 27.Rc1 Bxd7 28.Bxd7 Rxd7
29.g4 Kh7 30.Kg2 Rd5 31.a4 h5 32.h3 b5 33.Rc7 a5 34.axb5 Rxb5 35.Kg3 hxg4
36.hxg4 Rb1 37.Ra7 Ra1 38.Kf4 Kg6 39.Ra6+ Kf7 40.Kf5 a4 41.Ra7+ Kf8 42.Kg6 a3
43.g5 a2 44.f4  1-0

[Event "Ikaros op"]
[Site "Ikaros"]
[Date "1999.08.20"]
[Round "7"]
[White "Vuckovic, Bojan"]
[Black "Novikov, Igor A"]
[Result "1-0"]
[WhiteElo "2433"]
[BlackElo "2614"]

1.e4 c5 2.Nf3 d6 3.d4 cxd4 4.Nxd4 Nf6 5.Nc3 a6 6.Bg5 e6 7.f4 Qb6 8.Nb3 Be7
9.Be2 Nbd7 10.Qd2 Qc7 11.Bf3 h6 12.Bxf6 Nxf6 13.O-O-O e5 14.Kb1 Bd7 15.Rhe1 Rc8
16.g4 exf4 17.Qxf4 Kf8 18.h4 g6 19.Nd4 Kg7 20.Nf5+ gxf5 21.exf5 Bc6 22.g5 Rhe8
23.Bxc6 bxc6 24.Qd4 Kh7 25.gxf6 Bf8 26.Rg1 h5 27.Rg5  1-0

[Event "Wichern op 5th"]
[Site "Hamburg"]
[Date "1999.10.17"]
[Round "4"]
[White "Levin, Felix"]
[Black "Novikov, Igor A"]
[Result "0-1"]
[WhiteElo "2531"]
[BlackElo "2614"]

1.d4 d5 2.c4 e6 3.Nf3 Nf6 4.Qc2 c5 5.dxc5 Na6 6.cxd5 Nxd5 7.a3 Qa5+ 8.Bd2 Qxc5
9.Nc3 Be7 10.b4 Qc7 11.Rc1 Nb6 12.Qb1 Qd8 13.e4 Bd7 14.Be2 O-O 15.O-O Rc8
16.Be3 Qe8 17.Ne5 Nb8 18.Nxd7 N8xd7 19.Qb3 Bd6 20.f4 e5 21.f5 Qe7 22.Nb5 Bb8
23.f6 Nxf6 24.Bc5 Rxc5 25.bxc5 Nbd7 26.Qe3 a6 27.Nd6 Ba7 28.Nf5 Qxc5 29.Qxc5 Bxc5+
30.Kh1 Nxe4 31.g4 g6 32.Ng3 Nd6 33.Rfd1 Bxa3 34.Rxd6 Bxd6 35.Rd1 Nc5 36.Rxd6 Rc8
37.g5 Kg7 38.h4 h6 39.Bg4 Rc7 40.Kg2 hxg5 41.hxg5 a5 42.Rd8 b5 43.Ra8 a4
44.Bf3 b4 45.Ne4 Nxe4 46.Bxe4 Rc4 47.Kf3 b3 48.Rb8 a3  0-1

[Event "Cannes"]
[Site "Cannes"]
[Date "1999.??.??"]
[Round "2"]
[White "Novikov, Igor A"]
[Black "Souche, Thierry"]
[Result "1-0"]
[WhiteElo "2601"]
[BlackElo "2146"]

1.d4 d5 2.c4 c6 3.Nf3 Nd7 4.cxd5 cxd5 5.Nc3 e6 6.Bf4 Qb6 7.Qc2 Bd6 8.Bg3 Ngf6
9.e3 Ne4 10.Nxe4 dxe4 11.Nd2 f5 12.Be2 Nf6 13.O-O Bxg3 14.hxg3 Bd7 15.Rfc1 O-O
16.Nc4 Qc7 17.Ne5 Qxc2 18.Rxc2 Rfc8 19.Bc4 Kf8 20.Rac1 Ke7 21.f3 exf3 22.gxf3 Rc7
23.Nxd7 Nxd7 24.Bd3 Rxc2 25.Rxc2 Kd6 26.e4 e5 27.exf5 exd4 28.Be4 Nc5 29.Rc4 Nxe4
30.Rxd4+ Ke5 31.Rxe4+ Kf6 32.Re6+ Kf7 33.g4 h6 34.Kf2 Rc8 35.Re2 Kf6 36.Kg3 Rc6
37.Kh4 Rc1 38.Re6+ Kf7 39.Rd6 Ke7 40.Rd2 Rh1+ 41.Kg3 Rc1 42.b3 b6 43.Kf4 Rc6
44.Rd4 Rc2 45.Ra4 a5 46.Re4+ Kf7 47.a4 Rc5 48.Re6 b5 49.Re5 Rxe5 50.Kxe5 bxa4
51.bxa4  1-0

[Event "Cannes"]
[Site "Cannes"]
[Date "1999.??.??"]
[Round "3"]
[White "Caposciutti, Maurizio"]
[Black "Novikov, Igor A"]
[Result "0-1"]
[WhiteElo "2273"]
[BlackElo "2601"]

1.e4 c5 2.Nf3 d6 3.d4 cxd4 4.Qxd4 a6 5.c4 Nc6 6.Qd2 g6 7.Nc3 Bg7 8.b3 Nf6
9.Bb2 O-O 10.Be2 Qa5 11.Nd5 Qxd2+ 12.Nxd2 Nd7 13.Bxg7 Kxg7 14.Nf3 Nc5 15.Nc3 Bg4
16.O-O-O Rfc8 17.Kb2 e5 18.Rhe1 Bxf3 19.Bxf3 Nd4 20.Be2 Rcb8 21.b4 Nce6 22.a3 b5
23.cxb5 axb5 24.Bf1 Ra7 25.Nd5 Nc7 26.Nxc7 Rxc7 27.Rc1 Rbc8 28.Rxc7 Rxc7
29.Rc1 Rxc1 30.Kxc1 Kf6 31.Kb2 Ke7 32.a4 bxa4 33.Ka3 Kd7 34.Kxa4 Kc7 35.Ka5 Nc6+
36.Kb5 Na7+ 37.Kc4 Nc8 38.Kb5 Na7+ 39.Ka6 Nc8 40.Bc4 f6 41.Bg8 h6 42.Bf7 g5
43.Be6 Nb6 44.h3 Na4 45.f3 Nb6 46.Bf7 Nc8 47.Be8 Nb6 48.g3 Nc8 49.Bf7 Nb6
50.Kb5 Kb7 51.Be6 Kc7 52.Bb3 Kb7 53.Bf7 Kc7 54.Be8 Kb7 55.Bf7 Kc7 56.Ka6 Nc8
57.Be8 Nb6 58.Bb5 Nc8 59.Bc4 Nb6 60.Be6 Na4 61.Ka5 Nb6 62.b5 Na8 63.h4 Nb6
64.Kb4 Na8 65.Kc4 Nb6+ 66.Kd3 Na4 67.Bd5 Kb6 68.Bc6  0-1

[Event "Cannes"]
[Site "Cannes"]
[Date "1999.??.??"]
[Round "3"]
[White "Novikov, Igor A"]
[Black "Caposciutti, Maurizio"]
[Result "1-0"]
[WhiteElo "2601"]
[BlackElo "2273"]

1.d4 d6 2.e4 Nf6 3.f3 Nbd7 4.c4 e5 5.d5 Be7 6.Be3 Nh5 7.Qd2 h6 8.Nh3 Nf8
9.g3 Bg5 10.Nc3 Bxe3 11.Qxe3 Bxh3 12.Bxh3 Qg5 13.Kd2 a5 14.Raf1 Qxe3+ 15.Kxe3 Nd7
16.Nb5 Kd8 17.b3 Nhf6 18.a3 Nc5 19.Rb1 Na6 20.b4 axb4 21.axb4 Ke7 22.Rhd1 Rhd8
23.f4 c6 24.fxe5 cxb5 25.exf6+ Kxf6 26.Rf1+ Ke7 27.Rfc1 bxc4 28.Rxc4 h5 29.Kf4 Kf6
30.Ke3 g6 31.Kd3 Ke7 32.Kd4 Ra7 33.Ra1 Raa8 34.Kc3 f6 35.Be6 h4 36.g4 g5
37.Ra2 Rh8 38.Kb3 Rhe8 39.Rf2 Rab8 40.e5 dxe5 41.b5 Kd6 42.bxa6 bxa6+ 43.Kc3 Rb6  1-0

[Event "Millennium Festival"]
[Site "Portsmouth USA"]
[Date "2000.03.05"]
[Round "4"]
[White "Sevillano,E"]
[Black "Novikov,I"]
[Result "1/2-1/2"]
[WhiteElo "2477"]
[BlackElo "2591"]

1.e4 c5 2.c3 d5 3.exd5 Qxd5 4.d4 Nf6 5.Nf3 e6 6.Bd3 Be7 7.O-O O-O 8.Qe2 Nc6
9.Rd1 Rd8 10.Na3 Qh5 11.Nc2 cxd4 12.cxd4 Bd7 13.Bf4 Be8 14.Rac1 Nd5 15.Bg3 Rac8
16.Ne3 Nf6 17.Nc2 Nd5 18.Ne3 Nf6 19.Nc2 Nd5  1/2-1/2

[Event "New York Open"]
[Site "New York USA"]
[Date "2000.05.05"]
[Round "2"]
[White "Van der Plas,R"]
[Black "Novikov,I"]
[Result "0-1"]
[WhiteElo "2155"]
[BlackElo "2591"]

1.d4 d5 2.Nf3 Nf6 3.c4 e6 4.Nc3 c6 5.Bg5 h6 6.Bxf6 Qxf6 7.Qc2 dxc4 8.e4 b5
9.e5 Qd8 10.Be2 Bb7 11.a4 a6 12.O-O Nd7 13.Rad1 Be7 14.Ne1 O-O 15.f4 Qb6
16.Kh1 Rad8 17.Bg4 Nb8 18.Nf3 c5 19.dxc5 Qxc5 20.Rde1 Nc6 21.f5 Nb4 22.Qe2 Nd3
23.fxe6 Nxe1 24.Rxe1 fxe6 25.Bxe6+ Kh8 26.Ne4 Qc6 27.Nfg5 Rd4 28.h4 Bxg5
29.Nxg5 Rxh4+ 30.Kg1 hxg5 31.Rf1 Qc5+  0-1

[Event "New York Open"]
[Site "New York USA"]
[Date "2000.05.08"]
[Round "6"]
[White "Novikov,I"]
[Black "David,Alb"]
[Result "1/2-1/2"]
[WhiteElo "2591"]
[BlackElo "2520"]

1.d4 Nf6 2.c4 g6 3.Nc3 Bg7 4.e4 d6 5.f3 O-O 6.Bg5 c5 7.d5 e6 8.Qd2 exd5 9.cxd5 h6
10.Bxh6 Nxe4 11.Nxe4 Qh4+ 12.g3 Qxh6 13.Qxh6 Bxh6 14.Nxd6 Nd7 15.Bh3 Nb6
16.Bxc8 Nxc8 17.Ne4 Nb6 18.Rd1 Nc4 19.b3 Nb2 20.Rb1 Nd3+ 21.Kf1 f5 22.Nc3 Rfe8
23.Nge2 Re3 24.Nd1 Rxf3+ 25.Kg2 Ne5 26.Nf2 Rd8 27.Rhd1 Re3 28.Rb2 Nf7 29.Nf4 Bxf4
30.gxf4 b6 31.Rbd2 Nd6 32.Rg1 Kg7 33.Nd1 Re4 34.Kf3 Nb5 35.Ne3 Kf7 36.Nc2 Nd4+
37.Nxd4 cxd4 38.Rc1 Rxd5 39.Rc7+ Kf6 40.Rxa7 Rc5 41.Rd7 Rc3+ 42.Kg2 Rxf4
43.R7xd4  1/2-1/2

[Event "Canadian Open"]
[Site "Edmondton CAN"]
[Date "2000.07.10"]
[Round "4"]
[White "Novikov,I"]
[Black "Huber,Gr"]
[Result "1-0"]
[WhiteElo "2611"]
[BlackElo "2260"]

1.d4 Nf6 2.c4 e6 3.Nf3 c5 4.d5 exd5 5.cxd5 d6 6.e4 g6 7.h3 Bg7 8.Bd3 O-O
9.O-O b5 10.Re1 c4 11.Bc2 Na6 12.a3 Nc5 13.Nc3 Qb6 14.Be3 Re8 15.Bd4 Nfd7
16.Bxg7 Kxg7 17.Qd4+ Ne5 18.a4 Nd3 19.Qxb6 axb6 20.Bxd3 Nxd3 21.axb5 Bd7
22.Reb1 f5 23.exf5 Bxf5 24.Nd4 Rxa1 25.Rxa1 Nxb2 26.g4 Bd3 27.Ne6+ Kf6 28.Ra2 Rxe6
29.dxe6 Kxe6 30.Rxb2 d5 31.Rd2 d4 32.Na4 Ke5 33.Rxd3  1-0